Dobrú noc, poníky! /

Hlavní autor: Vogel, Michael
Další autoři: Mebberson, Amy
Jazyk: Slovenština
Vydáno: V Prahe : Egmont, 2018
Vydání: Prvé vydanie
Edice: My little pony (Egmont)
Témata:
Fyzický popis: 32 nečíslovaných stran : barevné ilustrace ; 24 cm
Knihy
Uloženo v:
LEADER 01590nam a2200481 i 4500
001 nkc20182998975
003 CZ PrNK
005 20190417141610.0
007 ta
008 180528s2018 xr a a 000 j slo
015 |a cnb002998975 
020 |a 978-80-252-4218-6  |q (vázáno) 
035 |a (OCoLC)1100765273 
040 |a OLA001  |b cze  |e rda 
041 1 |a slo  |h eng 
072 7 |a 821-93  |x Literatura pro děti a mládež (beletrie)  |2 Konspekt  |9 26 
080 |a 821-32  |2 MRF 
080 |a 821-93  |2 MRF 
080 |a (0:82-32)  |2 MRF 
100 1 |a Vogel, Michael  |7 xx0228975  |4 aut 
245 1 0 |a Dobrú noc, poníky! /  |c text Michael Vogel ; ilustrácie Amy Mebbersonová 
250 |a Prvé vydanie 
264 1 |a V Prahe :  |b Egmont,  |c 2018 
300 |a 32 nečíslovaných stran :  |b barevné ilustrace ;  |c 24 cm 
336 |a text  |b txt  |2 rdacontent 
336 |a statický obraz  |b sti  |2 rdacontent 
337 |a bez média  |b n  |2 rdamedia 
338 |a svazek  |b nc  |2 rdacarrier 
490 1 |a My little pony 
500 |a Přeloženo z angličtiny? 
521 8 |a Pro děti od 4 let 
655 7 |a příběhy  |7 fd133204  |2 czenas 
655 7 |a publikace pro děti  |7 fd133156  |2 czenas 
655 9 |a stories  |2 eczenas 
655 9 |a children's literature  |2 eczenas 
700 1 |a Mebberson, Amy  |7 mzk2018992496  |4 ill 
830 0 |a My little pony (Egmont)  |0 s 
910 2 |a BOA001  |b 2-1423.143 
928 9 |a Albatros Media - Egmont 
990 |a BK 
995 |a 01 
991 |b 201902  |c NOV 
996 6 |b 2610771501  |c 2-1423.143  |l MZK  |r Sklad / do 1 hodiny  |n 0  |p p.v.  |w 001708750  |u 000010  |a 1  |e BOA001  |j MZK50  |s P